Fish : (Record no. 33877)
[ view plain ]
| 000 -CABECERA | |
|---|---|
| campo de control de longitud fija | 00684nam a2200193 a 4500 |
| 001 - NÚMERO DE CONTROL | |
| campo de control | 000034386 |
| 005 - FECHA Y HORA DE LA ÚLTIMA TRANSACCIÓN | |
| campo de control | 20200930073654.0 |
| 008 - DATOS DE LONGITUD FIJA--INFORMACIÓN GENERAL | |
| campo de control de longitud fija | 111004s2001 es 000 0 spa d |
| 020 ## - NÚMERO INTERNACIONAL ESTÁNDAR DEL LIBRO | |
| Número Internacional Estándar del Libro | 84-7953-448-6 |
| 040 ## - FUENTE DE LA CATALOGACIÓN | |
| Centro catalogador/agencia de origen | DO-SdBNP |
| Lengua de catalogación | spa |
| Centro/agencia transcriptor | BNPHU |
| 049 ## - FONDOS LOCALES (OCLC) | |
| Fondos de biblioteca | BNPD |
| 100 1# - ENTRADA PRINCIPAL--NOMBRE DE PERSONA | |
| Nombre de persona | Lundin, Stephen C. |
| Fechas asociadas al nombre | 1941- |
| 9 (RLIN) | 59806 |
| 240 10 - TÍTULO UNIFORME | |
| Título uniforme | Tít. orig.: Fish! |
| 245 10 - MENCIÓN DE TÍTULO | |
| Título | Fish : |
| Resto del título | la eficacia de un equipo radica en su capacidad de motivación / |
| Mención de responsabilidad, etc. | Stephen C. Lundin, Harry Paul y John Christensen ; traducción: Mila Martínez Giner. |
| 260 ## - PUBLICACIÓN, DISTRIBUCIÓN, ETC. | |
| Lugar de publicación, distribución, etc. | Barcelona : |
| Nombre del editor, distribuidor, etc. | Ediciones Urano, |
| Fecha de publicación, distribución, etc. | 2001. |
| 300 ## - DESCRIPCIÓN FÍSICA | |
| Extensión | 122 p. ; |
| Dimensiones | 22 cm. |
| 700 1# - PUNTO DE ACCESO ADICIONAL--NOMBRE DE PERSONA | |
| Nombre de persona | Paul, Harry |
| Fechas asociadas al nombre | 1950- |
| 9 (RLIN) | 59807 |
| 700 1# - PUNTO DE ACCESO ADICIONAL--NOMBRE DE PERSONA | |
| Nombre de persona | Christensen, John, |
| Fechas asociadas al nombre | 1959- |
| 9 (RLIN) | 59808 |
| Estado de retiro | Estado de pérdida | Restricciones de uso | No para préstamo | Código de colección | Localización permanente | Ubicación/localización actual | Ubicación en estantería | Fecha de adquisición | Número de inventario | Total de préstamos | Signatura topográfica completa | Código de barras | Fecha visto por última vez | Precio válido a partir de | Tipo de ítem Koha |
|---|---|---|---|---|---|---|---|---|---|---|---|---|---|---|---|
| Excluido de préstamo | Monografías: Libros y Folletos | General | General | Depósito | 04.10.2011 | LF1 | 34386-10 | 25.06.2020 | 25.06.2020 | No se presta | |||||
| Monografías: Libros y Folletos | General | General | Orden iniciada | 04.10.2011 | LF1 | 34387-10 | 25.06.2020 | 25.06.2020 | No se presta |
